4 Letter Geography - Statistics

General Stats
  • This quiz has been taken 58 times
  • The average score is 16 of 25
Answer Stats
Hint Answer % Correct
1) Capital of Norway Oslo
100%
2) Largest country in theCaribbean Cuba
95%
4) Capital of Ukraine Kyiv
95%
9) Has a famously leaning tower Pisa
87%
10) Capital of Switzerland Bern
82%
8) The Eternal City Rome
82%
25) Important shipping canal in Egypt Suez
82%
17) Country on the end of theArabian peninsula Oman
78%
24) Home to the ancient pyramids Giza
76%
16) Salt Lake City is its largest Utah
76%
6) Taj Mahal city Agra
73%
12) Bustling capital of Qatar Doha
71%
22) Ivy League school in New Haven Yale
71%
13) Azerbaijani capital on theCaspian Sea Baku
67%
14) Pizarro conquered the Incasand established this capital Lima
67%
20) City in Nevada knownfor its casino culture Reno
65%
15) Capital of Fiji Suva
60%
5) Qin Shi Huangs terracottawarriors were unearthed here Xian
56%
18) Togos capital Lome
49%
7) 2nd largest city in the CzechRepublic Brno
47%
3) 2nd largest city inNigeria Kano
45%
23) 310 to this AZ city Yuma
31%
11) 4th largest city in Hawaii Hilo
24%
19) Caitlin Clark went to college here Iowa
24%
21) Home to Baylor University Waco
20%
No matching quizzes found
Score Distribution
Percent of People with Each Score
Percentile by Number Answered
Your Score History
You have not taken this quiz